Statystyki dla Państwa świata w roku 1945 na mapie

Kliknij tutaj aby rozwiązać quiz!

Ogólne statystyki

  • Ten quiz został rozwiązany 6,363 razy
  • Średni wynik to 58 z 68

Statystyki odpowiedzi

Country % poprawnych
Polska
98%
Stany Zjednoczone
98%
Kanada
97%
Związek Radziecki
96%
Chiny
96%
Francja
96%
Hiszpania
96%
Brazylia
96%
Meksyk
96%
Wielka Brytania
96%
Australia
95%
Japonia
94%
Portugalia
94%
Dania
94%
Norwegia
94%
Włochy
94%
Szwecja
94%
Finlandia
93%
Argentyna
93%
Turcja
93%
Czechosłowacja
92%
Chile
92%
Egipt
92%
Irlandia
92%
Islandia
92%
Mongolia
91%
Grecja
91%
Holandia
91%
Republika Południowej
Afryki
91%
Belgia
91%
Rumunia
90%
Węgry
90%
Arabia Saudyjska
88%
Iran
88%
Jugosławia
88%
Szwajcaria
87%
Kolumbia
87%
Bułgaria
87%
Peru
86%
Nowa Zelandia
86%
Irak
86%
Urugwaj
85%
Watykan
85%
Kuba
85%
Wenezuela
84%
Boliwia
83%
Albania
83%
Luksemburg
83%
San Marino
83%
Andora
82%
Liechtenstein
82%
Monako
81%
Paragwaj
80%
Panama
79%
Ekwador
75%
Etiopia
74%
Nepal
73%
Dominikana
72%
Afganistan
71%
Tajlandia
70%
Jemen
69%
Honduras
68%
Haiti
68%
Kostaryka
63%
Salwador
59%
Nikaragua
59%
Gwatemala
58%
Liberia
53%

Rozkład punktacji

Percentyl według liczby udzielonych odpowiedzi

Procent ludzi z każdym wynikiem

Twoja historia wyników

Nie rozwiązałeś tego quizu